[Event "Kronborg Chess Open 2022 Master 3"]
[Site "Helsingor"]
[Date "2022.05.29"]
[Round "6"]
[White "Eriksson, Christian Altenburg"]
[Black "Iskos, Lukas"]
[Result "1/2-1/2"]
[WhiteElo "2072"]
[BlackElo "2008"]
[PlyCount "125"]
[EventDate "2022.05.26"]
[EventType "tourn"]
[EventRounds "7"]
[EventCountry "DEN"]

1. e4 c6 2. d4 d5 3. e5 Bf5 4. Nf3 e6 5. Be2 Nd7 6. O-O Ne7 7. Nh4 c5 8. c3 a6
9. Be3 c4 10. Nd2 Qa5 11. Bxc4 Ng6 12. Nxg6 Bxg6 13. Be2 Qb6 14. Qb3 Be7 15.
Rac1 Qxb3 16. axb3 O-O 17. f4 a5 18. Bb5 Nb6 19. Ra1 f6 20. Ra2 Ra7 21. Rfa1
Rfa8 22. Kf2 Bc2 23. g4 h6 24. h3 g5 25. Kg3 Kg7 26. fxg5 hxg5 27. c4 Bd3 28.
Rc1 f5 29. Kg2 f4 30. Bf2 Kh6 31. c5 Bxb5 32. cxb6 Ra6 33. Rc7 Bb4 34. Nf3 Rxb6
35. h4 gxh4 36. Ra1 Rg8 37. g5+ Kg6 38. Rh1 Be2 39. Rxh4 Bf8 40. Rxf4 Bg7 41.
Rc3 Rf8 42. Kg3 Rc6 43. Be3 Bxf3 44. Rxf3 Rxf3+ 45. Kxf3 Kf5 46. Bd2 Bf8 47.
Rxc6 bxc6 48. Bxa5 Kxg5 49. Bb6 Kf5 50. Ke3 Bb4 51. Kd3 Kf4 52. Bc7 Kf3 53. Bd6
Be1 54. Be7 Kf4 55. Ke2 Bg3 56. Kd3 Be1 57. Bf8 Kf3 58. Bc5 Kf4 59. Bf8 Kf3 60.
Bh6 Bb4 61. Bg5 Bf8 62. Bd2 Be7 63. Be3 1/2-1/2

[Event "Kronborg Chess Open 2022 Master 3"]
[Site "Helsingor"]
[Date "2022.05.29"]
[Round "7"]
[White "Iskos, Lukas"]
[Black "Bazilius, Augustinas"]
[Result "0-1"]
[WhiteElo "2008"]
[BlackElo "2025"]
[PlyCount "56"]
[EventDate "2022.05.26"]
[EventType "tourn"]
[EventRounds "7"]
[EventCountry "DEN"]

1. d4 Nf6 2. Bf4 g6 3. Nc3 d6 4. e4 Bg7 5. Qd2 c6 6. h4 b5 7. f3 h5 8. O-O-O
O-O 9. Bd3 b4 10. Nce2 a5 11. e5 Nd5 12. Bh6 dxe5 13. dxe5 Qb6 14. Bxg7 Kxg7
15. Kb1 Qe3 16. Be4 Qxd2 17. Rxd2 Ne3 18. f4 Ba6 19. Nd4 Nf1 20. Ngf3 Nxd2+ 21.
Nxd2 Rd8 22. N2b3 a4 23. Nxc6 Nxc6 24. Bxc6 axb3 25. Bxa8 bxa2+ 26. Kxa2 Bc4+
27. b3 Rxa8+ 28. Kb2 Bd5 0-1

[Event "Kronborg Chess Open 2022 Master 3"]
[Site "Helsingor"]
[Date "2022.05.29"]
[Round "7"]
[White "Agnello, Francesco Claudio"]
[Black "Perrenet, Jacob"]
[Result "1-0"]
[WhiteElo "2030"]
[BlackElo "2072"]
[PlyCount "41"]
[EventDate "2022.05.26"]
[EventType "tourn"]
[EventRounds "7"]
[EventCountry "DEN"]

1. b3 d5 2. Bb2 Nf6 3. e3 Bf5 4. h3 Nc6 5. Nf3 a6 6. g4 Be4 7. Bg2 Qd7 8. d3
Bxf3 9. Qxf3 e5 10. g5 e4 11. Qd1 exd3 12. gxf6 dxc2 13. Qxc2 Nb4 14. Qe2 gxf6
15. a3 Rg8 16. Bf3 Nc6 17. Nc3 O-O-O 18. Nxd5 Bg7 19. Nxf6 Bxf6 20. Bxf6 Qd3
21. Bxc6 1-0

[Event "Kronborg Chess Open 2022 Master 3"]
[Site "Helsingor"]
[Date "2022.05.29"]
[Round "7"]
[White "Brattgjerd, Isak Vinh"]
[Black "Jonsson, Gauti Pall"]
[Result "1-0"]
[WhiteElo "2039"]
[BlackElo "2065"]
[PlyCount "97"]
[EventDate "2022.05.26"]
[EventType "tourn"]
[EventRounds "7"]
[EventCountry "DEN"]

1. d4 Nf6 2. Nc3 d5 3. Bf4 e6 4. e3 Bb4 5. Bd3 c5 6. dxc5 Nbd7 7. Nge2 Nxc5 8.
a3 Bxc3+ 9. Nxc3 Bd7 10. O-O Nxd3 11. cxd3 d4 12. exd4 Bc6 13. Be5 O-O 14. Qe2
Qe7 15. Rac1 Rfd8 16. Rfe1 Rd7 17. b4 Rad8 18. b5 Bd5 19. Qb2 Ne8 20. Bf4 Qh4
21. Be3 Qg4 22. Ne4 b6 23. f3 Qg6 24. Rc3 Bb7 25. Rec1 f5 26. Ng5 h6 27. Nh3
Qf7 28. Rc4 g5 29. f4 g4 30. Nf2 Nf6 31. Nd1 Nd5 32. Qf2 Qf6 33. Bd2 h5 34. g3
Qe7 35. a4 Qd6 36. Qe2 h4 37. Qe5 hxg3 38. hxg3 Qe7 39. a5 bxa5 40. Bxa5 Re8
41. Nf2 Qh7 42. Kf1 Qh2 43. Rc6 Bxc6 44. bxc6 Rh7 45. c7 Nxc7 46. Rxc7 Qxg3 47.
Qf6 Rxc7 48. Bxc7 Ra8 49. Qg6+ 1-0

[Event "Kronborg Chess Open 2022 Master 3"]
[Site "Helsingor"]
[Date "2022.05.29"]
[Round "7"]
[White "Gregor, Bjarke"]
[Black "Eriksson, Christian Altenburg"]
[Result "1/2-1/2"]
[WhiteElo "2083"]
[BlackElo "2072"]
[PlyCount "81"]
[EventDate "2022.05.26"]
[EventType "tourn"]
[EventRounds "7"]
[EventCountry "DEN"]

1. e4 c5 2. Nf3 Nc6 3. d4 cxd4 4. Nxd4 e5 5. Nb5 d6 6. N1c3 a6 7. Na3 Be7 8.
Be3 Nf6 9. Nc4 b5 10. Nb6 Rb8 11. Ncd5 Be6 12. Nxf6+ Bxf6 13. Nd5 O-O 14. c3
Bg5 15. Qd2 Bxe3 16. Nxe3 Ne7 17. Rd1 a5 18. Be2 Bxa2 19. Qxd6 Qxd6 20. Rxd6 a4
21. Nc2 Bb1 22. Kd2 Bxc2 23. Kxc2 Rfc8 24. Ra1 g6 25. g3 Rc7 26. f4 Nc6 27. Kd2
Na5 28. Ke3 exf4+ 29. gxf4 Nb3 30. Rad1 b4 31. Rd8+ Rxd8 32. Rxd8+ Kg7 33. cxb4
Rc2 34. Ra8 Nc1 35. Bd1 Rxb2 36. Rxa4 Na2 37. Kd4 Rxb4+ 38. Rxb4 Nxb4 39. Ba4
Na6 40. Bd7 Kf8 41. Bb5 1/2-1/2